Party walls: a commentary on the relevant sections of the London Building Acts. (Record no. 89316)

MARC details
000 -LEADER
fixed length control field 00978cam a2200253 4500
008 - FIXED-LENGTH DATA ELEMENTS--GENERAL INFORMATION
fixed length control field 090401t1993 xxu||||| |||| 00| 0 eng d
020 ## - INTERNATIONAL STANDARD BOOK NUMBER
International Standard Book Number 0952070405
035 ## - SYSTEM CONTROL NUMBER
System control number (Sirsi) u28652
041 ## - LANGUAGE CODE
Language code of text/sound track or separate title eng
050 ## - LIBRARY OF CONGRESS CALL NUMBER
Classification number 692.209421
110 ## - MAIN ENTRY--CORPORATE NAME
Corporate name or jurisdiction name as entry element Pyramus and Thisbe Club
9 (RLIN) 3069
245 ## - TITLE STATEMENT
Title Party walls: a commentary on the relevant sections of the London Building Acts.
260 ## - PUBLICATION, DISTRIBUTION, ETC.
Place of publication, distribution, etc. London
Name of publisher, distributor, etc. Pyramus and Thisbe Club
Date of publication, distribution, etc. 1993
300 ## - PHYSICAL DESCRIPTION
Extent 114p. ill.,map ; 21cm.
350 ## - PRICE (NR) (BK AM CF MU VM SE) [OBSOLETE]
Price 10
520 ## - SUMMARY, ETC.
Summary, etc. An annotated version of part VI of the London Building Acts (Amendment) Act 1939 produced by a working party of the Pyramus and Thisbe Club, which is a group of surveyors, architects and engineers interested in party wall matters. Known as the Green Book.
650 ## - SUBJECT ADDED ENTRY--TOPICAL TERM
Topical term or geographic name entry element GREEN BOOK
650 ## - SUBJECT ADDED ENTRY--TOPICAL TERM
Topical term or geographic name entry element LONDON BUILDING ACT 1930
650 ## - SUBJECT ADDED ENTRY--TOPICAL TERM
Topical term or geographic name entry element LONDON BUILDING ACTS (AMENDMENT) ACT 1939
650 ## - SUBJECT ADDED ENTRY--TOPICAL TERM
Topical term or geographic name entry element Party walls
9 (RLIN) 6258
690 ## - LOCAL SUBJECT ADDED ENTRY--TOPICAL TERM (OCLC, RLIN)
Topical term or geographic name as entry element BUILT ENVIRONMENT
942 ## - ADDED ENTRY ELEMENTS (KOHA)
Suppress in OPAC 0
948 ## - LOCAL PROCESSING INFORMATION (OCLC); SERIES PART DESIGNATOR (RLIN)
c (OCLC) 04/03/1997
Holdings
Withdrawn status Lost status Source of classification or shelving scheme Damaged status Not for loan Home library Current library Shelving location Date acquired Cost, normal purchase price Total Checkouts Full call number Barcode Date last seen Copy number Cost, replacement price Price effective from Koha item type Date last checked out
    Dewey Decimal Classification     London London Books 15/03/1993 10.00   692.209421 30038230 06/08/2019 1 10.00 06/08/2019 Reference material  
    Dewey Decimal Classification     London London Books 15/03/1993 10.00 7 692.209421 30038231 06/08/2019 2 10.00 06/08/2019 Book 01/04/2009